00576nam a22002177a 4500003000500000005001700005008004100022010001000063011001000073035001000083040000900093082001300102100001600115245003100131260005400162300001200216490003200228501003800260650002800298830003200326CHAP20220817042027.0971013c19761969 r 00010 d a32279 a33251 a37366 cCHAP a331bM3Y00aMarx, Karl. aSalario, precio y ganancia aMéxico, D.F. :bCultura popular,c1976 (c.1969) app 4-61 aBiblioteca Marx Engelsv; 2 aEnc. con otros impresos similares14aTrabajo y trabajadores.0 aBiblioteca Marx Engelsv; 2